Impossible quiz - Statistics

General Stats
  • This quiz has been taken 5 times
  • The average score is 7 of 15
Answer Stats
Answer Impossible? % Correct
What is the world? An island
100%
what makes this quiz harder? BAD ENGLISH
50%
yeah i know is impossible.but? but what?
50%
one uncuadragintillion x 9,000,000,009 = Error
50%
Really why is this quiz harder? idk
50%
Is This a copy-Pasta? i'm not sure
50%
why i use CapsLock? is awesome!
50%
this wwill be popular ? NEVER!!!
50%
Why do you play this? No one knows
50%
what is the biggest country in the world? PutinLand
50%
How is this quiz? tottaly impossible with bad english.
50%
The 2 biggest empires Tuvaluan empire,pitcairnese empire
50%
ya ya
50%
this quiz Make no sense
0%
why you play this horrible game (Again) YA NOT AGAIN
0%
No matching quizzes found
Score Distribution
Percent of People with Each Score
Percentile by Number Answered
Your Score History
You have not taken this quiz